|
|
|
|
| LEADER |
00000nam a22000007a 4500 |
| 005 |
20220720212838.0 |
| 007 |
cr|||| |||| |
| 008 |
220720s2019 br |||||s|||| 00||0 por d |
| 020 |
|
|
|a 978-85-93741-72-2
|
| 035 |
|
|
|a 36760
|
| 040 |
|
|
|a vLex
|
| 090 |
|
|
|c 13631
|d 13631
|
| 100 |
1 |
|
|a Assis de Almeida, Jos ̌Gabriel
|
| 245 |
1 |
0 |
|a Direito da arbitragem mart̕ima
|h [Recurso electrn̤ico] /
|c Jos ̌Gabriel Assis de Almeida, Sřgio Ferrari Filho
|
| 256 |
|
|
|a Servicio en ln̕ea
|
| 260 |
|
|
|a Rio de Janeiro:
|b Editora Processo,
|c 2019
|
| 300 |
|
|
|a 1 recurso electrn̤ico
|
| 500 |
|
|
|a Para comemorar esta data, o Conselho Diretor desse Centro resolveu publicar um livro que pudesse auxiliar o mercado usur̀io dos serviȯs de arbitragem mart̕ima a entender, desde os princp̕ios bs̀icos dessa atividade, at ̌alguns conceitos mais avanȧdos que podem ser aplicados nas disputas mart̕imas em soluȯ̂ pela arbitragem. Assim, conclamou seu quadro de r̀bitros e convidados, especialistas em diversos aspectos ligados ̉r̀ea a que se dedicam, para que escrevessem artigos sobre o tema, sem impor assunto ou abordagem ou limitar qualquer criatividade.
|
| 506 |
1 |
|
|a Disponible solo en los productos indicados
|d vLex Global
|d vLex Global (Academic Edition, excluding Law Schools)
|d vLex Global (U.S. Academic Edition, Law Schools)
|d vLex Global (U.S. Academic Edition, excluding Law Schools)
|d vLex Global (Academic Edition, Law Schools)
|
| 650 |
0 |
4 |
|a Derecho Internacional
|z Brasil
|
| 700 |
1 |
|
|a Ferrari Filho, Sřgio
|
| 740 |
0 |
|
|a vLex Libros (Servicio en ln̕ea)
|
| 856 |
4 |
0 |
|u https://app.vlex.com/#/sources/36760
|z Acceso restringido
|
| 942 |
|
|
|c BOOK
|
| 999 |
0 |
|
|a International right
|